| 000 | 00363 a2200157 4500 | ||
|---|---|---|---|
| 001 | 152850 | ||
| 040 | _cEscola São Tomás de Aquino | ||
| 100 | _aPORTO, Cristina | ||
| 240 | 1 | 0 |
_aSombras na claridade _lpor |
| 245 | 1 | 0 | _aSombras na claridade |
| 300 | _a63 | ||
| 362 | 0 | _a2003 | |
| 440 | 1 | _aFTD | |
| 697 | _aFolclore / Adivinhações / Lendas | ||
| 942 | _cBK | ||
| 999 |
_c152850 _d152850 |
||